Quiz da Bomba Tsar - Statistics

Estatísticas Gerais
  • Esse quiz foi jogado 12 vezes
  • A pontuação média é 7 de 15
Estatísticas das Respostas
Questão Resposta % Correto
A Tsar Bomba foi testada em que ano? 1961
100%
Qual data a Tsar Bomba foi lançada? 30/10/1961
83%
Onde foi detonada? Ilha de Nova Zembla
83%
Por quem a Tsar Bomba foi criada? União Soviética
83%
Quantos Quilômetros a Tsar Bomba Alcançou?(Altura) 64 Km
67%
Complete a Frase" A Tsar Bomba é considerada ____ vezes mais forte que a Little Boy" 3.800
50%
Quantos Megatons(Força de Milhões de Dinamites) a Tsar Bomba Alcançou? 57 Megatons
50%
Qual era seu comprimento? 8 Metros
50%
A Bomba foi lançada por qual modelo de avião? Tupolev TU-95
50%
Qual era seu peso total? 27 Toneladas
33%
Qual era seu diâmetro? 200 Cm
17%
Qual era numeração do avião que carregava a Tsar Bomba? 5800302
17%
Qual era seu tipo de bomba? NUCLEAR
17%
Quais cores tinham a Tsar Bomba? Preto & Branco
17%
Caso você não tenha percebido isso no começo, parabéns você é honesto e aqui está o gabarito: 1. 1961 2. 64 Km 3. Ilha de Nova Zembla 4. 57 Megatons 5. União Soviética 6. 30/10/11961 7. 3800 8. 27 Toneladas 9. 8 Metros 10. 200 Cm 11. Nuclear 12. Tupolev TU-95 13. 5800302 14. Preto & Branco 15. Não. Você viu isso somente agora? Não
0%
Nenhum quiz correspondente encontrado
Distribuição das Pontuações
Porcentagem de Pessoas com Cada Pontuação
Percentil de Números Respondidos
Sua Pontuação Histórica
Você não jogou esse quiz